000
00241nam a22001097a 4500
082
_a
537 BAS'C
100
_a
CHAPMAN, J. M
_9
66508
245
_a
BASIC ELECTRICITY PART-1
250
_a
V-1
260
_a
NEWYORK
_b
TECHNICAL
_c
1968
942
_c
BK
999
_c
584193
_d
584193